| 000 | 01609cam a2200397 a 4500 | ||
|---|---|---|---|
| 999 |
_c6577 _d6577 |
||
| 001 | 12505643 | ||
| 003 | OSt | ||
| 005 | 20200204145213.0 | ||
| 008 | 010817s2001 enka b 001 0 eng d | ||
| 010 | _a 2001273365 | ||
| 020 | _a0761971742 (cloth) | ||
| 020 | _a0761971750 (pbk.) | ||
| 035 | _a(OCoLC)ocm45829740 | ||
| 040 |
_aUKM _cUKM _dEYE _dDLC |
||
| 042 | _alccopycat | ||
| 082 | 0 | 0 |
_a150 _221 _bBEL 2001 |
| 100 | 1 |
_aBell, Philip, _d1947- _913520 |
|
| 245 | 1 | 0 |
_aEvaluating, doing and writing research in psychology : _ba step-by-step guide for students. |
| 260 |
_aLondon ; _aThousand Oaks, Calif. : _bSAGE Publications, _c2001. |
||
| 300 |
_avii, 321 p. : _bill. ; _c25 cm. |
||
| 500 | _aRev. and expanded ed. of: Reasoning and argument in psychology. 1979. | ||
| 504 | _aIncludes bibliographical references (p. [309]-314) and indexes. | ||
| 650 | 0 |
_aPsychology _xAuthorship. _913521 |
|
| 650 | 0 |
_aReasoning (Psychology) _913522 |
|
| 650 | 0 |
_aPersuasion (Rhetoric) _913523 |
|
| 650 | 0 |
_aAcademic writing. _913524 |
|
| 650 | 0 |
_aPsychology _xResearch. _913525 |
|
| 700 | 1 |
_aStaines, Phillip. _913526 |
|
| 700 | 1 |
_aMichell, Joel. _913527 |
|
| 700 | 1 |
_aBell, Philip Brian. _tReasoning and argument in psychology. _913528 |
|
| 856 | 4 |
_3Table of Contents only _uhttp://www.loc.gov/catdir/toc/fy02/2001273365.html |
|
| 856 | 4 | 2 |
_3Publisher description _uhttp://www.loc.gov/catdir/enhancements/fy0658/2001273365-d.html |
| 906 |
_a7 _bcbc _ccopycat _d2 _encip _f20 _gy-gencatlg |
||
| 942 |
_2ddc _cO_SHELF |
||